Tottenham Hotspur Players Since 1992 - Statistics

General Stats
  • This quiz has been taken 208 times
    94 since last reset
  • The average score is 404 of 1050
Answer Stats
% Correct
2024/25 (Premier League - 16th) South Korea LW 32 Son Heung-min 43 11
99%
2023/24 (Premier League - 5th) South Korea LW 30 Son Heung-min 36 17
99%
2022/23 (Premier League - 8th) South Korea LW 29 Son Heung-min 47 14
99%
2021/22 (Premier League - 4th) South Korea LW 28 Son Heung-min 45 24
99%
2020/21 (Premier League - 7th) South Korea LW 27 Son Heung-min 51 22
99%
2019/20 (Premier League - 6th) South Korea LW 26 Son Heung-min 41 18
99%
2018/19 (Premier League - 4th) South Korea LW 25 Son Heung-min 48 20
99%
2017/18 (Premier League - 3rd) South Korea LW 24 Son Heung-min 53 18
99%
2016/17 (Premier League - 2nd) South Korea LW 23 Son Heung-min 47 21
99%
2015/16 (Premier League - 3rd) South Korea LW 22 Son Heung-min 40 8
99%
2022/23 (Premier League - 8th) England ST 28 Harry Kane 49 32
97%
2021/22 (Premier League - 4th) England ST 27 Harry Kane 50 27
97%
2020/21 (Premier League - 7th) England ST 26 Harry Kane 49 33
97%
2019/20 (Premier League - 6th) England ST 25 Harry Kane 34 24
97%
2018/19 (Premier League - 4th) England ST 24 Harry Kane 40 24
97%
2017/18 (Premier League - 3rd) England ST 23 Harry Kane 48 41
97%
2016/17 (Premier League - 2nd) England ST 22 Harry Kane 38 35
97%
2015/16 (Premier League - 3rd) England ST 21 Harry Kane 50 28
97%
2014/15 (Premier League - 5th) England ST 20 Harry Kane 51 31
97%
2013/14 (Premier League - 6th) England ST 19 Harry Kane 19 4
97%
2012/13 (Premier League - 5th) England ST 18 Harry Kane 1
97%
2011/12 (Premier League - 4th) England ST 17 Harry Kane 6 1
97%
2021/22 (Premier League - 4th) England CM 18 Nile John 1
94%
2020/21 (Premier League - 7th) England CM 17 Nile John 1
94%
2024/25 (Premier League - 16th) Brazil ST 27 Richarlison 20 5
92%
2023/24 (Premier League - 5th) Brazil ST 26 Richarlison 31 12
92%
2022/23 (Premier League - 8th) Brazil ST 25 Richarlison 35 3
92%
2022/23 (Premier League - 8th) France GK 35 Hugo Lloris 31
91%
2021/22 (Premier League - 4th) France GK 34 Hugo Lloris 43
91%
2020/21 (Premier League - 7th) France GK 33 Hugo Lloris 48
91%
2019/20 (Premier League - 6th) France GK 32 Hugo Lloris 27
91%
2018/19 (Premier League - 4th) France GK 31 Hugo Lloris 44
91%
2017/18 (Premier League - 3rd) France GK 30 Hugo Lloris 43
91%
2016/17 (Premier League - 2nd) France GK 29 Hugo Lloris 43
91%
2015/16 (Premier League - 3rd) France GK 28 Hugo Lloris 46
91%
2014/15 (Premier League - 5th) France GK 27 Hugo Lloris 44
91%
2013/14 (Premier League - 6th) France GK 26 Hugo Lloris 45
91%
2012/13 (Premier League - 5th) France GK 25 Hugo Lloris 33
91%
2024/25 (Premier League - 16th) Wales RW 23 Brennan Johnson 47 17
90%
2023/24 (Premier League - 5th) Wales RW 22 Brennan Johnson 34 5
90%
2008/09 (Premier League - 8th) England ST 24 Darren Bent 43 17
90%
2007/08 (Premier League - 11th) England ST 23 Darren Bent 36 8
90%
2024/25 (Premier League - 16th) Sweden RW 25 Dejan Kulusevski 48 10
90%
2023/24 (Premier League - 5th) Sweden RW 23 Dejan Kulusevski 39 8
90%
2022/23 (Premier League - 8th) Sweden RW 22 Dejan Kulusevski 37 2
90%
2021/22 (Premier League - 4th) Sweden RW 21 Dejan Kulusevski 20 5
90%
2020/21 (Premier League - 7th) Wales RW 30 Gareth Bale 34 16
90%
2012/13 (Premier League - 5th) Wales LM 22 Gareth Bale 44 26
90%
2011/12 (Premier League - 4th) Wales LM 21 Gareth Bale 42 12
90%
2010/11 (Premier League - 5th) Wales LM 20 Gareth Bale 41 11
90%
2009/10 (Premier League - 4th) Wales LB 19 Gareth Bale 34 3
90%
2008/09 (Premier League - 8th) Wales LB 18 Gareth Bale 30
90%
2007/08 (Premier League - 11th) Wales LB 17 Gareth Bale 12 3
90%
2024/25 (Premier League - 16th) Wales LB 32 Ben Davies 25
87%
2023/24 (Premier League - 5th) Wales LB 30 Ben Davies 19 1
87%
2022/23 (Premier League - 8th) Wales LB 29 Ben Davies 40 2
87%
2021/22 (Premier League - 4th) Wales LB 28 Ben Davies 43 1
87%
2020/21 (Premier League - 7th) Wales LB 27 Ben Davies 38 1
87%
2019/20 (Premier League - 6th) Wales LB 26 Ben Davies 22
87%
2018/19 (Premier League - 4th) Wales LB 25 Ben Davies 40
87%
2017/18 (Premier League - 3rd) Wales LB 24 Ben Davies 38 2
87%
2016/17 (Premier League - 2nd) Wales LB 23 Ben Davies 34 2
87%
2015/16 (Premier League - 3rd) Wales LB 22 Ben Davies 27
87%
2014/15 (Premier League - 5th) Wales LB 21 Ben Davies 29
87%
2024/25 (Premier League - 16th) Argentina CB 27 Cristian Romero 24 1
87%
2023/24 (Premier League - 5th) Argentina CB 25 Cristian Romero 34 5
87%
2022/23 (Premier League - 8th) Argentina CB 24 Cristian Romero 34
87%
2021/22 (Premier League - 4th) Argentina CB 23 Cristian Romero 30 1
87%
2024/25 (Premier League - 16th) Italy GK 28 Guglielmo Vicario 31
87%
2023/24 (Premier League - 5th) Italy GK 26 Guglielmo Vicario 40
87%
2024/25 (Premier League - 16th) England AM 28 James Maddison 45 12
87%
2023/24 (Premier League - 5th) England AM 26 James Maddison 30 4
87%
2024/25 (Premier League - 16th) Spain RB 25 Pedro Porro 47 3
87%
2023/24 (Premier League - 5th) Spain RB 23 Pedro Porro 37 4
87%
2022/23 (Premier League - 8th) Spain RB 22 Pedro Porro 17 3
87%
2004/05 (Premier League - 9th) Wales RM 24 Simon Davies 27
87%
2003/04 (Premier League - 14th) Wales RM 23 Simon Davies 20 2
87%
2002/03 (Premier League - 10th) Wales RM 22 Simon Davies 39 5
87%
2001/02 (Premier League - 9th) Wales RM 21 Simon Davies 41 7
87%
2000/01 (Premier League - 12th) Wales RM 20 Simon Davies 14 4
87%
1999/00 (Premier League - 10th) Wales RM 19 Simon Davies 3
87%
2019/20 (Premier League - 6th) Belgium CB 32 Jan Vertonghen 30 2
86%
2018/19 (Premier League - 4th) Belgium CB 31 Jan Vertonghen 34 2
86%
2017/18 (Premier League - 3rd) Belgium CB 30 Jan Vertonghen 47 1
86%
2016/17 (Premier League - 2nd) Belgium CB 29 Jan Vertonghen 42
86%
2015/16 (Premier League - 3rd) Belgium CB 28 Jan Vertonghen 33
86%
2014/15 (Premier League - 5th) Belgium CB 27 Jan Vertonghen 47 1
86%
2013/14 (Premier League - 6th) Belgium CB 26 Jan Vertonghen 33 1
86%
2012/13 (Premier League - 5th) Belgium CB 25 Jan Vertonghen 49 7
86%
2022/23 (Premier League - 8th) Brazil RW 29 Lucas Moura 19 1
84%
2021/22 (Premier League - 4th) Brazil RW 28 Lucas Moura 45 6
84%
2020/21 (Premier League - 7th) Brazil RW 27 Lucas Moura 50 9
84%
2019/20 (Premier League - 6th) Brazil RW 26 Lucas Moura 47 7
84%
2018/19 (Premier League - 4th) Brazil RW 25 Lucas Moura 49 15
84%
2017/18 (Premier League - 3rd) Brazil RW 24 Lucas Moura 11 1
84%
2024/25 (Premier League - 16th) Uruguay DM 27 Rodrigo Bentancur 39 2
84%
2023/24 (Premier League - 5th) Uruguay DM 26 Rodrigo Bentancur 25 1
84%
2022/23 (Premier League - 8th) Uruguay DM 25 Rodrigo Bentancur 26 6
84%
2021/22 (Premier League - 4th) Uruguay DM 24 Rodrigo Bentancur 18
84%
2024/25 (Premier League - 16th) Netherlands CB 24 Micky van de Ven 19
83%
2023/24 (Premier League - 5th) Netherlands CB 22 Micky van de Ven 29 3
83%
2023/24 (Premier League - 5th) Denmark DM 27 Pierre-Emile Højbjerg 39
83%
2022/23 (Premier League - 8th) Denmark DM 26 Pierre-Emile Højbjerg 44 5
83%
2021/22 (Premier League - 4th) Denmark DM 25 Pierre-Emile Højbjerg 48 3
83%
2020/21 (Premier League - 7th) Denmark DM 24 Pierre-Emile Højbjerg 53 2
83%
2019/20 (Premier League - 6th) Denmark AM 27 Christian Eriksen 28 3
82%
2018/19 (Premier League - 4th) Denmark AM 26 Christian Eriksen 51 10
82%
2017/18 (Premier League - 3rd) Denmark AM 25 Christian Eriksen 47 14
82%
2016/17 (Premier League - 2nd) Denmark AM 24 Christian Eriksen 48 12
82%
2015/16 (Premier League - 3rd) Denmark AM 23 Christian Eriksen 47 8
82%
2014/15 (Premier League - 5th) Denmark AM 22 Christian Eriksen 48 12
82%
2013/14 (Premier League - 6th) Denmark AM 21 Christian Eriksen 36 10
82%
2024/25 (Premier League - 16th) England ST 27 Dominic Solanke 41 14
82%
2020/21 (Premier League - 7th) Argentina RW 28 Erik Lamela 35 4
82%
2019/20 (Premier League - 6th) Argentina RW 27 Erik Lamela 35 4
82%
2018/19 (Premier League - 4th) Argentina RW 26 Erik Lamela 33 6
82%
2017/18 (Premier League - 3rd) Argentina RW 25 Erik Lamela 33 4
82%
2016/17 (Premier League - 2nd) Argentina RW 24 Erik Lamela 14 2
82%
2015/16 (Premier League - 3rd) Argentina RW 23 Erik Lamela 44 11
82%
2014/15 (Premier League - 5th) Argentina RW 22 Erik Lamela 46 5
82%
2013/14 (Premier League - 6th) Argentina RW 21 Erik Lamela 17 1
82%
2024/25 (Premier League - 16th) Senegal CM 22 Pape Matar Sarr 50 6
82%
2023/24 (Premier League - 5th) Senegal CM 20 Pape Matar Sarr 35 3
82%
2022/23 (Premier League - 8th) Senegal CM 19 Pape Matar Sarr 14
82%
2020/21 (Premier League - 7th) Belgium CB 31 Toby Alderweireld 35 1
82%
2019/20 (Premier League - 6th) Belgium CB 30 Toby Alderweireld 42 2
82%
2018/19 (Premier League - 4th) Belgium CB 29 Toby Alderweireld 50
82%
2017/18 (Premier League - 3rd) Belgium CB 28 Toby Alderweireld 21
82%
2016/17 (Premier League - 2nd) Belgium CB 27 Toby Alderweireld 39 2
82%
2015/16 (Premier League - 3rd) Belgium CB 26 Toby Alderweireld 49 4
82%
2021/22 (Premier League - 4th) England AM 25 Dele Alli 18 2
81%
2020/21 (Premier League - 7th) England AM 24 Dele Alli 29 3
81%
2019/20 (Premier League - 6th) England AM 23 Dele Alli 38 9
81%
2018/19 (Premier League - 4th) England AM 22 Dele Alli 38 7
81%
2017/18 (Premier League - 3rd) England AM 21 Dele Alli 50 14
81%
2016/17 (Premier League - 2nd) England AM 20 Dele Alli 50 22
81%
2015/16 (Premier League - 3rd) England AM 19 Dele Alli 46 10
81%
2008/09 (Premier League - 8th) Spain GK 36 César Sánchez 1
79%
2023/24 (Premier League - 5th) Colombia CB 27 Davinson Sánchez 2
79%
2022/23 (Premier League - 8th) Colombia CB 26 Davinson Sánchez 24
79%
2021/22 (Premier League - 4th) Colombia CB 25 Davinson Sánchez 32 2
79%
2020/21 (Premier League - 7th) Colombia CB 24 Davinson Sánchez 32 2
79%
2019/20 (Premier League - 6th) Colombia CB 23 Davinson Sánchez 39
79%
2018/19 (Premier League - 4th) Colombia CB 22 Davinson Sánchez 37 1
79%
2017/18 (Premier League - 3rd) Colombia CB 21 Davinson Sánchez 41
79%
2011/12 (Premier League - 4th) Croatia CM 25 Luka Modrić 41 5
79%
2010/11 (Premier League - 5th) Croatia CM 24 Luka Modrić 43 4
79%
2009/10 (Premier League - 4th) Croatia CM 23 Luka Modrić 32 3
79%
2008/09 (Premier League - 8th) Croatia CM 22 Luka Modrić 44 5
79%
2000/01 (Premier League - 12th) England GK 28 Ian Walker 4
78%
1999/00 (Premier League - 10th) England GK 27 Ian Walker 46
78%
1998/99 (Premier League - 11th) England GK 26 Ian Walker 36
78%
1997/98 (Premier League - 14th) England GK 25 Ian Walker 33
78%
1996/97 (Premier League - 10th) England GK 24 Ian Walker 42
78%
1995/96 (Premier League - 8th) England GK 23 Ian Walker 47
78%
1994/95 (Premier League - 7th) England GK 22 Ian Walker 49
78%
1993/94 (Premier League - 15th) England GK 21 Ian Walker 14
78%
1992/93 (Premier League - 8th) England GK 20 Ian Walker 19
78%
2016/17 (Premier League - 2nd) England RB 26 Kyle Walker 39
78%
2015/16 (Premier League - 3rd) England RB 25 Kyle Walker 35 1
78%
2014/15 (Premier League - 5th) England RB 24 Kyle Walker 21
78%
2013/14 (Premier League - 6th) England RB 23 Kyle Walker 34 1
78%
2012/13 (Premier League - 5th) England RB 22 Kyle Walker 50
78%
2011/12 (Premier League - 4th) England RB 21 Kyle Walker 47 2
78%
2010/11 (Premier League - 5th) England RB 20 Kyle Walker 1
78%
2009/10 (Premier League - 4th) England RB 19 Kyle Walker 2
78%
2024/25 (Premier League - 16th) Germany LW 29 Timo Werner 27 1
78%
2023/24 (Premier League - 5th) Germany LW 27 Timo Werner 14 2
78%
2023/24 (Premier League - 5th) England CB 29 Eric Dier 4
77%
2022/23 (Premier League - 8th) England CB 28 Eric Dier 42 2
77%
2021/22 (Premier League - 4th) England CB 27 Eric Dier 40
77%
2020/21 (Premier League - 7th) England CB 26 Eric Dier 39
77%
2019/20 (Premier League - 6th) England DM 25 Eric Dier 30
77%
2018/19 (Premier League - 4th) England DM 24 Eric Dier 28 3
77%
2017/18 (Premier League - 3rd) England DM 23 Eric Dier 47
77%
2016/17 (Premier League - 2nd) England CB 22 Eric Dier 48 2
77%
2015/16 (Premier League - 3rd) England DM 21 Eric Dier 51 4
77%
2014/15 (Premier League - 5th) England CB 20 Eric Dier 36 2
77%
2024/25 (Premier League - 16th) Romania CB 23 Radu Drăgușin 28
77%
2023/24 (Premier League - 5th) Romania CB 21 Radu Drăgușin 9
77%
2019/20 (Premier League - 6th) England LB 28 Danny Rose 16
75%
2018/19 (Premier League - 4th) England LB 27 Danny Rose 37
75%
2017/18 (Premier League - 3rd) England LB 26 Danny Rose 17
75%
2016/17 (Premier League - 2nd) England LB 25 Danny Rose 21 2
75%
2015/16 (Premier League - 3rd) England LB 24 Danny Rose 30 1
75%
2014/15 (Premier League - 5th) England LB 23 Danny Rose 34 4
75%
2013/14 (Premier League - 6th) England LB 22 Danny Rose 30 2
75%
2011/12 (Premier League - 4th) England LB 20 Danny Rose 20
75%
2010/11 (Premier League - 5th) England LB 19 Danny Rose 4
75%
2009/10 (Premier League - 4th) England LB 18 Danny Rose 5 1
75%
2024/25 (Premier League - 16th) Italy LB 22 Destiny Udogie 33
75%
2023/24 (Premier League - 5th) Italy LB 20 Destiny Udogie 30 2
75%
2018/19 (Premier League - 4th) Belgium CM 30 Mousa Dembélé 13
75%
2017/18 (Premier League - 3rd) Belgium CM 29 Mousa Dembélé 39
75%
2016/17 (Premier League - 2nd) Belgium CM 28 Mousa Dembélé 39 1
75%
2015/16 (Premier League - 3rd) Belgium CM 27 Mousa Dembélé 35 4
75%
2014/15 (Premier League - 5th) Belgium CM 26 Mousa Dembélé 40 1
75%
2013/14 (Premier League - 6th) Belgium CM 25 Mousa Dembélé 41 2
75%
2012/13 (Premier League - 5th) Belgium CM 24 Mousa Dembélé 42 2
75%
2024/25 (Premier League - 16th) Spain LB 28 Sergio Reguilón 5
75%
2021/22 (Premier League - 4th) Spain LB 24 Sergio Reguilón 31 2
75%
2020/21 (Premier League - 7th) Spain LB 23 Sergio Reguilón 36
75%
2024/25 (Premier League - 16th) England GK 37 Fraser Forster 13
74%
2023/24 (Premier League - 5th) England GK 35 Fraser Forster 1
74%
2022/23 (Premier League - 8th) England GK 34 Fraser Forster 20
74%
2024/25 (Premier League - 16th) Mali DM 28 Yves Bissouma 39 2
73%
2023/24 (Premier League - 5th) Mali DM 26 Yves Bissouma 28
73%
2022/23 (Premier League - 8th) Mali DM 25 Yves Bissouma 28
73%
2023/24 (Premier League - 5th) Brazil RB 24 Emerson Royal 24 1
71%
2022/23 (Premier League - 8th) Brazil RB 23 Emerson Royal 36 2
71%
2021/22 (Premier League - 4th) Brazil RB 22 Emerson Royal 41 1
71%
2023/24 (Premier League - 5th) Croatia LW 34 Ivan Perišić 6
71%
2022/23 (Premier League - 8th) Croatia LW 33 Ivan Perišić 44 1
71%
2020/21 (Premier League - 7th) Ivory Coast RB 27 Serge Aurier 27 2
71%
2019/20 (Premier League - 6th) Ivory Coast RB 26 Serge Aurier 42 2
71%
2018/19 (Premier League - 4th) Ivory Coast RB 25 Serge Aurier 17 2
71%
2017/18 (Premier League - 3rd) Ivory Coast RB 24 Serge Aurier 24 2
71%
2023/24 (Premier League - 5th) Argentina CM 27 Giovani Lo Celso 24 2
70%
2021/22 (Premier League - 4th) Argentina CM 25 Giovani Lo Celso 19 1
70%
2020/21 (Premier League - 7th) Argentina CM 24 Giovani Lo Celso 28 5
70%
2019/20 (Premier League - 6th) Argentina CM 23 Giovani Lo Celso 37 2
70%
2008/09 (Premier League - 8th) Bulgaria ST 27 Dimitar Berbatov 1
69%
2007/08 (Premier League - 11th) Bulgaria ST 26 Dimitar Berbatov 52 23
69%
2006/07 (Premier League - 5th) Bulgaria ST 25 Dimitar Berbatov 49 23
69%
2021/22 (Premier League - 4th) Netherlands LW 23 Steven Bergwijn 32 4
69%
2020/21 (Premier League - 7th) Netherlands LW 22 Steven Bergwijn 35 1
69%
2019/20 (Premier League - 6th) Netherlands LW 21 Steven Bergwijn 16 3
69%
2021/22 (Premier League - 4th) France CM 24 Tanguy Ndombele 16 2
69%
2020/21 (Premier League - 7th) France CM 23 Tanguy Ndombele 46 6
69%
2019/20 (Premier League - 6th) France CM 22 Tanguy Ndombele 29 2
69%
2024/25 (Premier League - 16th) France ST 20 Mathys Tel 16 3
68%
2020/21 (Premier League - 7th) France CM 30 Moussa Sissoko 42 1
68%
2019/20 (Premier League - 6th) France CM 29 Moussa Sissoko 35 2
68%
2018/19 (Premier League - 4th) France CM 28 Moussa Sissoko 44
68%
2017/18 (Premier League - 3rd) France CM 27 Moussa Sissoko 47 2
68%
2016/17 (Premier League - 2nd) France CM 26 Moussa Sissoko 34
68%
2013/14 (Premier League - 6th) England ST 30 Jermain Defoe 22 10
66%
2012/13 (Premier League - 5th) England ST 29 Jermain Defoe 43 15
66%
2011/12 (Premier League - 4th) England ST 28 Jermain Defoe 38 17
66%
2010/11 (Premier League - 5th) England ST 27 Jermain Defoe 30 9
66%
2009/10 (Premier League - 4th) England ST 26 Jermain Defoe 43 24
66%
2008/09 (Premier League - 8th) England ST 25 Jermain Defoe 10 4
66%
2007/08 (Premier League - 11th) England ST 24 Jermain Defoe 31 8
66%
2006/07 (Premier League - 5th) England ST 23 Jermain Defoe 49 18
66%
2005/06 (Premier League - 5th) England ST 22 Jermain Defoe 38 9
66%
2004/05 (Premier League - 9th) England ST 21 Jermain Defoe 44 22
66%
2003/04 (Premier League - 14th) England ST 20 Jermain Defoe 15 7
66%
2014/15 (Premier League - 5th) Togo ST 30 Emmanuel Adebayor 17 2
65%
2013/14 (Premier League - 6th) Togo ST 29 Emmanuel Adebayor 25 14
65%
2012/13 (Premier League - 5th) Togo ST 28 Emmanuel Adebayor 34 8
65%
2011/12 (Premier League - 4th) Togo ST 27 Emmanuel Adebayor 37 18
65%
2021/22 (Premier League - 4th) England DM 25 Harry Winks 30 1
65%
2020/21 (Premier League - 7th) England DM 24 Harry Winks 30 2
65%
2019/20 (Premier League - 6th) England DM 23 Harry Winks 41
65%
2018/19 (Premier League - 4th) England DM 22 Harry Winks 41 1
65%
2017/18 (Premier League - 3rd) England DM 21 Harry Winks 25
65%
2016/17 (Premier League - 2nd) England DM 20 Harry Winks 33 1
65%
2015/16 (Premier League - 3rd) England DM 19 Harry Winks 2
65%
2014/15 (Premier League - 5th) England DM 18 Harry Winks 1
65%
2010/11 (Premier League - 5th) Ireland ST 29 Robbie Keane 13 1
64%
2009/10 (Premier League - 4th) Ireland ST 28 Robbie Keane 25 9
64%
2008/09 (Premier League - 8th) Ireland ST 27 Robbie Keane 14 5
64%
2007/08 (Premier League - 11th) Ireland ST 26 Robbie Keane 54 23
64%
2006/07 (Premier League - 5th) Ireland ST 25 Robbie Keane 44 22
64%
2005/06 (Premier League - 5th) Ireland ST 24 Robbie Keane 38 16
64%
2004/05 (Premier League - 9th) Ireland ST 23 Robbie Keane 45 17
64%
2003/04 (Premier League - 14th) Ireland ST 22 Robbie Keane 41 16
64%
2002/03 (Premier League - 10th) Ireland ST 21 Robbie Keane 32 13
64%
2019/20 (Premier League - 6th) Kenya DM 28 Victor Wanyama 4
64%
2018/19 (Premier League - 4th) Kenya DM 27 Victor Wanyama 22 1
64%
2017/18 (Premier League - 3rd) Kenya DM 26 Victor Wanyama 24 1
64%
2016/17 (Premier League - 2nd) Kenya DM 25 Victor Wanyama 47 5
64%
1993/94 (Premier League - 15th) England CM 29 Andy Gray 2 1
61%
1992/93 (Premier League - 8th) England CM 28 Andy Gray 17 1
61%
2024/25 (Premier League - 16th) England RB 19 Archie Gray 42
61%
2023/24 (Premier League - 5th) Spain LW 22 Bryan Gil 12
61%
2022/23 (Premier League - 8th) Spain LW 21 Bryan Gil 11
61%
2021/22 (Premier League - 4th) Spain LW 20 Bryan Gil 20
61%
2018/19 (Premier League - 4th) England RB 27 Kieran Trippier 38 1
61%
2017/18 (Premier League - 3rd) England RB 26 Kieran Trippier 35
61%
2016/17 (Premier League - 2nd) England RB 25 Kieran Trippier 22
61%
2015/16 (Premier League - 3rd) England RB 24 Kieran Trippier 19 1
61%
2024/25 (Premier League - 16th) Sweden CM 19 Lucas Bergvall 45 1
61%
2011/12 (Premier League - 4th) England ST 30 Peter Crouch 1
61%
2010/11 (Premier League - 5th) England ST 29 Peter Crouch 45 11
61%
2009/10 (Premier League - 4th) England ST 28 Peter Crouch 47 13
61%
2012/13 (Premier League - 5th) Netherlands AM 29 Rafael van der Vaart 2
60%
2011/12 (Premier League - 4th) Netherlands AM 28 Rafael van der Vaart 39 13
60%
2010/11 (Premier League - 5th) Netherlands AM 27 Rafael van der Vaart 36 15
60%
2018/19 (Premier League - 4th) Spain ST 33 Fernando Llorente 35 8
58%
2017/18 (Premier League - 3rd) Spain ST 32 Fernando Llorente 31 5
58%
2023/24 (Premier League - 5th) England DM 22 Oliver Skipp 24
58%
2022/23 (Premier League - 8th) England DM 21 Oliver Skipp 31 1
58%
2021/22 (Premier League - 4th) England DM 20 Oliver Skipp 28
58%
2019/20 (Premier League - 6th) England DM 18 Oliver Skipp 11
58%
2018/19 (Premier League - 4th) England DM 17 Oliver Skipp 12
58%
2024/25 (Premier League - 16th) England RB 24 Djed Spence 31 2
57%
2022/23 (Premier League - 8th) England RB 21 Djed Spence 6
57%
2004/05 (Premier League - 9th) Ireland CB 24 Gary Doherty 1
56%
2003/04 (Premier League - 14th) Ireland CB 23 Gary Doherty 22 1
56%
2002/03 (Premier League - 10th) Ireland CB 22 Gary Doherty 18 1
56%
2001/02 (Premier League - 9th) Ireland CB 21 Gary Doherty 8
56%
2000/01 (Premier League - 12th) Ireland CB 20 Gary Doherty 27 6
56%
1999/00 (Premier League - 10th) Ireland CB 19 Gary Doherty 2
56%
2024/25 (Premier League - 16th) Austria CB 26 Kevin Danso 11
56%
2022/23 (Premier League - 8th) Ireland RB 30 Matt Doherty 16 1
56%
2021/22 (Premier League - 4th) Ireland RB 29 Matt Doherty 26 2
56%
2020/21 (Premier League - 7th) Ireland RB 28 Matt Doherty 29
56%
2015/16 (Premier League - 3rd) Belgium LW 25 Nacer Chadli 40 7
56%
2014/15 (Premier League - 5th) Belgium LW 24 Nacer Chadli 45 13
56%
2013/14 (Premier League - 6th) Belgium LW 23 Nacer Chadli 34 5
56%
2008/09 (Premier League - 8th) England ST 20 Fraizer Campbell 22 3
53%
2000/01 (Premier League - 12th) England CB 25 Sol Campbell 26 2
53%
1999/00 (Premier League - 10th) England CB 24 Sol Campbell 35
53%
1998/99 (Premier League - 11th) England CB 23 Sol Campbell 52 8
53%
1997/98 (Premier League - 14th) Netherlands CB 22 Sol Campbell 40 1
53%
1996/97 (Premier League - 10th) England CB 21 Sol Campbell 43 1
53%
1995/96 (Premier League - 8th) England CB 20 Sol Campbell 39 1
53%
1994/95 (Premier League - 7th) England CB 19 Sol Campbell 36
53%
1993/94 (Premier League - 15th) England CB 18 Sol Campbell 42 1
53%
1992/93 (Premier League - 8th) England CB 17 Sol Campbell 1 1
53%
2023/24 (Premier League - 5th) Israel LW 23 Manor Solomon 6
52%
2024/25 (Premier League - 16th) Czech Republic GK 22 Antonín Kinský 8
51%
2013/14 (Premier League - 6th) Iceland AM 23 Gylfi Sigurðsson 35 6
49%
2012/13 (Premier League - 5th) Iceland AM 22 Gylfi Sigurðsson 48 7
49%
2019/20 (Premier League - 6th) England RB 22 Kyle Walker-Peters 5
49%
2018/19 (Premier League - 4th) England RB 21 Kyle Walker-Peters 10
49%
2017/18 (Premier League - 3rd) England RB 20 Kyle Walker-Peters 9 1
49%
2024/25 (Premier League - 16th) England LW 17 Mikey Moore 17 1
49%
2023/24 (Premier League - 5th) England LW 15 Mikey Moore 2
49%
2019/20 (Premier League - 6th) Argentina GK 27 Paulo Gazzaniga 25
49%
2018/19 (Premier League - 4th) Argentina GK 26 Paulo Gazzaniga 11
49%
2017/18 (Premier League - 3rd) Argentina GK 25 Paulo Gazzaniga 1
49%
2014/15 (Premier League - 5th) England RW 27 Aaron Lennon 17
48%
2013/14 (Premier League - 6th) England RW 26 Aaron Lennon 33 1
48%
2012/13 (Premier League - 5th) England RW 25 Aaron Lennon 46 4
48%
2011/12 (Premier League - 4th) England RW 24 Aaron Lennon 32 4
48%
2010/11 (Premier League - 5th) England RW 23 Aaron Lennon 46 3
48%
2009/10 (Premier League - 4th) England RW 22 Aaron Lennon 24 3
48%
2008/09 (Premier League - 8th) England RW 21 Aaron Lennon 47 5
48%
2007/08 (Premier League - 11th) England RW 20 Aaron Lennon 47 3
48%
2006/07 (Premier League - 5th) England RW 19 Aaron Lennon 43 5
48%
2005/06 (Premier League - 5th) England RW 18 Aaron Lennon 29 2
48%
2012/13 (Premier League - 5th) Cameroon LB 28 Benoît Assou-Ekotto 22 1
48%
2011/12 (Premier League - 4th) Cameroon LB 27 Benoît Assou-Ekotto 40 2
48%
2010/11 (Premier League - 5th) Cameroon LB 26 Benoît Assou-Ekotto 45
48%
2009/10 (Premier League - 4th) Cameroon LB 25 Benoît Assou-Ekotto 34 1
48%
2008/09 (Premier League - 8th) Cameroon LB 24 Benoît Assou-Ekotto 36
48%
2007/08 (Premier League - 11th) Cameroon LB 23 Benoît Assou-Ekotto 2
48%
2006/07 (Premier League - 5th) Cameroon LB 22 Benoît Assou-Ekotto 25
48%
2022/23 (Premier League - 8th) England DM 20 Harvey White 1
48%
2021/22 (Premier League - 4th) England DM 19 Harvey White 0
48%
2020/21 (Premier League - 7th) England DM 18 Harvey White 2
48%
2019/20 (Premier League - 6th) Netherlands GK 35 Michel Vorm 1
48%
2018/19 (Premier League - 4th) Netherlands GK 34 Michel Vorm 4
48%
2017/18 (Premier League - 3rd) Netherlands GK 33 Michel Vorm 11
48%
2016/17 (Premier League - 2nd) Netherlands GK 32 Michel Vorm 11
48%
2015/16 (Premier League - 3rd) Netherlands GK 31 Michel Vorm 7
48%
2014/15 (Premier League - 5th) Netherlands GK 30 Michel Vorm 14
48%
2014/15 (Premier League - 5th) Spain ST 29 Roberto Soldado 40 5
48%
2013/14 (Premier League - 6th) Spain ST 28 Roberto Soldado 36 11
48%
2003/04 (Premier League - 14th) Ireland RB 26 Stephen Carr 39 1
48%
2002/03 (Premier League - 10th) Ireland RB 25 Stephen Carr 32
48%
2000/01 (Premier League - 12th) Ireland RB 23 Stephen Carr 31 3
48%
1999/00 (Premier League - 10th) Ireland RB 22 Stephen Carr 39 3
48%
1998/99 (Premier League - 11th) Ireland RB 21 Stephen Carr 52 1
48%
1997/98 (Premier League - 14th) Ireland RB 20 Stephen Carr 43
48%
1996/97 (Premier League - 10th) Ireland RB 19 Stephen Carr 30
48%
1995/96 (Premier League - 8th) Ireland RB 18 Stephen Carr 2
48%
1993/94 (Premier League - 15th) Ireland RB 16 Stephen Carr 2
48%
2024/25 (Premier League - 16th) France LW 20 Wilson Odobert 18 3
48%
2011/12 (Premier League - 4th) Brazil GK 30 Heurelho Gomes 4
47%
2010/11 (Premier League - 5th) Brazil GK 29 Heurelho Gomes 41
47%
2009/10 (Premier League - 4th) Brazil GK 28 Heurelho Gomes 42
47%
2008/09 (Premier League - 8th) Brazil GK 27 Heurelho Gomes 48
47%
2014/15 (Premier League - 5th) United States GK 43 Brad Friedel 0
45%
2013/14 (Premier League - 6th) United States GK 42 Brad Friedel 9
45%
2012/13 (Premier League - 5th) United States GK 41 Brad Friedel 20
45%
2011/12 (Premier League - 4th) United States GK 40 Brad Friedel 38
45%
2020/21 (Premier League - 7th) England GK 33 Joe Hart 10
45%
2011/12 (Premier League - 4th) England CB 30 Ledley King 23
45%
2010/11 (Premier League - 5th) England CB 29 Ledley King 9
45%
2009/10 (Premier League - 4th) England CB 28 Ledley King 21 2
45%
2008/09 (Premier League - 8th) England CB 27 Ledley King 29 1
45%
2007/08 (Premier League - 11th) England CB 26 Ledley King 10
45%
2006/07 (Premier League - 5th) England CB 25 Ledley King 27
45%
2005/06 (Premier League - 5th) England CB 24 Ledley King 27 3
45%
2004/05 (Premier League - 9th) England CB 23 Ledley King 47 3
45%
2003/04 (Premier League - 14th) England CB 22 Ledley King 35 2
45%
2002/03 (Premier League - 10th) England CB 21 Ledley King 26
45%
2001/02 (Premier League - 9th) England CB 20 Ledley King 42 1
45%
2000/01 (Premier League - 12th) England CB 19 Ledley King 23 2
45%
1999/00 (Premier League - 10th) England CB 18 Ledley King 3
45%
1998/99 (Premier League - 11th) England CB 17 Ledley King 1
45%
2024/25 (Premier League - 16th) England GK 26 Brandon Austin 3
44%
2023/24 (Premier League - 5th) England GK 24 Brandon Austin 0
44%
2022/23 (Premier League - 8th) England GK 23 Brandon Austin 0
44%
2021/22 (Premier League - 4th) England GK 22 Brandon Austin 0
44%
2012/13 (Premier League - 5th) United States SS 29 Clint Dempsey 43 12
44%
1996/97 (Premier League - 10th) England RB 26 Dean Austin 16
44%
1995/96 (Premier League - 8th) England RB 25 Dean Austin 35
44%
1994/95 (Premier League - 7th) England RB 24 Dean Austin 31
44%
1993/94 (Premier League - 15th) England RB 23 Dean Austin 26
44%
1992/93 (Premier League - 8th) England RB 22 Dean Austin 42
44%
2014/15 (Premier League - 5th) Brazil CM 25 Paulinho 30 2
44%
2013/14 (Premier League - 6th) Brazil CM 24 Paulinho 37 8
44%
2002/03 (Premier League - 10th) England ST 36 Teddy Sheringham 38 13
44%
2001/02 (Premier League - 9th) England ST 35 Teddy Sheringham 42 13
44%
1996/97 (Premier League - 10th) England ST 30 Teddy Sheringham 32 8
44%
1995/96 (Premier League - 8th) England ST 29 Teddy Sheringham 47 25
44%
1994/95 (Premier League - 7th) England ST 28 Teddy Sheringham 50 23
44%
1993/94 (Premier League - 15th) England ST 27 Teddy Sheringham 21 15
44%
1992/93 (Premier League - 8th) England ST 26 Teddy Sheringham 47 28
44%
2018/19 (Premier League - 4th) Netherlands ST 24 Vincent Janssen 3
44%
2017/18 (Premier League - 3rd) Netherlands ST 23 Vincent Janssen 1
44%
2016/17 (Premier League - 2nd) Netherlands ST 22 Vincent Janssen 38 6
44%
2005/06 (Premier League - 5th) England DM 23 Michael Carrick 37 2
43%
2004/05 (Premier League - 9th) England DM 22 Michael Carrick 38
43%
2013/14 (Premier League - 6th) England CB 29 Michael Dawson 41
43%
2012/13 (Premier League - 5th) England CB 28 Michael Dawson 34 2
43%
2011/12 (Premier League - 4th) England CB 27 Michael Dawson 13
43%
2010/11 (Premier League - 5th) England CB 26 Michael Dawson 32 1
43%
2009/10 (Premier League - 4th) England CB 25 Michael Dawson 40 2
43%
2008/09 (Premier League - 8th) England CB 24 Michael Dawson 28 2
43%
2007/08 (Premier League - 11th) England CB 23 Michael Dawson 40 2
43%
2006/07 (Premier League - 5th) England CB 22 Michael Dawson 58 1
43%
2005/06 (Premier League - 5th) England CB 21 Michael Dawson 33
43%
2004/05 (Premier League - 9th) England CB 20 Michael Dawson 5
43%
2023/24 (Premier League - 5th) England LB 23 Ryan Sessegnon 1
43%
2022/23 (Premier League - 8th) England LB 22 Ryan Sessegnon 23 2
43%
2021/22 (Premier League - 4th) England LB 21 Ryan Sessegnon 21
43%
2019/20 (Premier League - 6th) England LB 19 Ryan Sessegnon 12 1
43%
2012/13 (Premier League - 5th) England RB 21 Adam Smith 1
42%
2011/12 (Premier League - 4th) England RB 20 Adam Smith 1
42%
2022/23 (Premier League - 8th) France CB 27 Clément Lenglet 35 1
42%
2024/25 (Premier League - 16th) England ST 21 Dane Scarlett 5 1
42%
2023/24 (Premier League - 5th) England ST 19 Dane Scarlett 7
42%
2021/22 (Premier League - 4th) England ST 17 Dane Scarlett 7
42%
2020/21 (Premier League - 7th) England ST 16 Dane Scarlett 3
42%
2014/15 (Premier League - 5th) Brazil DM 25 Sandro 1
42%
2013/14 (Premier League - 6th) Brazil DM 24 Sandro 25 1
42%
2012/13 (Premier League - 5th) Brazil DM 23 Sandro 27 1
42%
2011/12 (Premier League - 4th) Brazil DM 22 Sandro 27
42%
2010/11 (Premier League - 5th) Brazil DM 21 Sandro 26 1
42%
2020/21 (Premier League - 7th) Portugal CM 21 Gedson Fernandes 2
40%
2019/20 (Premier League - 6th) Portugal CM 20 Gedson Fernandes 12
40%
2011/12 (Premier League - 4th) Croatia CB 25 Vedran Ćorluka 8
40%
2010/11 (Premier League - 5th) Croatia CB 24 Vedran Ćorluka 24
40%
2009/10 (Premier League - 4th) Croatia CB 23 Vedran Ćorluka 36 1
40%
2008/09 (Premier League - 8th) Croatia CB 22 Vedran Ćorluka 41
40%
2015/16 (Premier League - 3rd) Algeria DM 20 Nabil Bentaleb 11
39%
2014/15 (Premier League - 5th) Algeria DM 19 Nabil Bentaleb 35 1
39%
2013/14 (Premier League - 6th) Algeria DM 18 Nabil Bentaleb 20
39%
2011/12 (Premier League - 4th) Russia ST 29 Roman Pavlyuchenko 14 4
39%
2010/11 (Premier League - 5th) Russia ST 28 Roman Pavlyuchenko 39 14
39%
2009/10 (Premier League - 4th) Russia ST 27 Roman Pavlyuchenko 24 10
39%
2008/09 (Premier League - 8th) Russia ST 26 Roman Pavlyuchenko 36 14
39%
2014/15 (Premier League - 5th) France CB 28 Younes Kaboul 15
39%
2013/14 (Premier League - 6th) France CB 27 Younes Kaboul 20 1
39%
2012/13 (Premier League - 5th) France CB 26 Younes Kaboul 1
39%
2011/12 (Premier League - 4th) France CB 25 Younes Kaboul 41 1
39%
2010/11 (Premier League - 5th) France CB 24 Younes Kaboul 24 2
39%
2009/10 (Premier League - 4th) France CB 23 Younes Kaboul 10
39%
2007/08 (Premier League - 11th) France CB 21 Younes Kaboul 29 4
39%
2024/25 (Premier League - 16th) England GK 26 Alfie Whiteman 0
38%
2020/21 (Premier League - 7th) England GK 21 Alfie Whiteman 1
38%
2019/20 (Premier League - 6th) Argentina CB 21 Juan Foyth 7
38%
2018/19 (Premier League - 4th) Argentina CB 20 Juan Foyth 17 1
38%
2017/18 (Premier League - 3rd) Argentina CB 19 Juan Foyth 8
38%
2012/13 (Premier League - 5th) England CM 31 Scott Parker 29
38%
2011/12 (Premier League - 4th) England CM 30 Scott Parker 34
38%
2012/13 (Premier League - 5th) France CB 34 William Gallas 24 1
38%
2011/12 (Premier League - 4th) France CB 33 William Gallas 18
38%
2010/11 (Premier League - 5th) France CB 32 William Gallas 36
38%
2020/21 (Premier League - 7th) Brazil ST 25 Carlos Vinícius 22 10
36%
Managers England 2008 2012 Harry Redknapp
36%
2004/05 (Premier League - 9th) England CM 31 Jamie Redknapp 15
36%
2003/04 (Premier League - 14th) England CM 30 Jamie Redknapp 17 1
36%
2002/03 (Premier League - 10th) England CM 29 Jamie Redknapp 17 3
36%
1997/98 (Premier League - 14th) Germany ST 32 Jürgen Klinsmann 18 9
36%
1994/95 (Premier League - 7th) Germany ST 29 Jürgen Klinsmann 50 29
36%
2015/16 (Premier League - 3rd) England CM 24 Ryan Mason 29 2
36%
2014/15 (Premier League - 5th) England CM 23 Ryan Mason 37 2
36%
2012/13 (Premier League - 5th) England CM 21 Ryan Mason 3
36%
2008/09 (Premier League - 8th) England CM 17 Ryan Mason 1
36%
Managers England 2023 2023 Ryan Mason
36%
Managers England 2021 2021 Ryan Mason
36%
2023/24 (Premier League - 5th) Argentina ST 19 Alejo Véliz 8 1
35%
1999/00 (Premier League - 10th) France LW 32 David Ginola 43 6
35%
1998/99 (Premier League - 11th) France LW 31 David Ginola 44 7
35%
1997/98 (Premier League - 14th) France LW 30 David Ginola 40 9
35%
2021/22 (Premier League - 4th) Wales CB 23 Joe Rodon 10
35%
2020/21 (Premier League - 7th) Wales CB 22 Joe Rodon 14
35%
2007/08 (Premier League - 11th) South Korea LB 30 Lee Young-pyo 30
35%
2006/07 (Premier League - 5th) South Korea LB 29 Lee Young-pyo 31
35%
2005/06 (Premier League - 5th) South Korea LB 28 Lee Young-pyo 31
35%
2012/13 (Premier League - 5th) Italy GK 38 Carlo Cudicini 1
34%
2011/12 (Premier League - 4th) Italy GK 37 Carlo Cudicini 11
34%
2010/11 (Premier League - 5th) Italy GK 36 Carlo Cudicini 13
34%
2009/10 (Premier League - 4th) Italy GK 35 Carlo Cudicini 8
34%
2008/09 (Premier League - 8th) Italy GK 34 Carlo Cudicini 4
34%
2006/07 (Premier League - 5th) Egypt ST 23 Mido 23 5
34%
2005/06 (Premier League - 5th) Egypt ST 22 Mido 27 11
34%
2004/05 (Premier League - 9th) Egypt ST 21 Mido 11 3
34%
2011/12 (Premier League - 4th) South Africa LM 29 Steven Pienaar 7 1
34%
2010/11 (Premier League - 5th) South Africa LM 28 Steven Pienaar 11
34%
2015/16 (Premier League - 3rd) England RW 23 Andros Townsend 7
32%
2014/15 (Premier League - 5th) England RW 22 Andros Townsend 35 6
32%
2013/14 (Premier League - 6th) England RW 21 Andros Townsend 33 2
32%
2012/13 (Premier League - 5th) England RW 20 Andros Townsend 10 1
32%
2011/12 (Premier League - 4th) England RW 19 Andros Townsend 7 1
32%
2010/11 (Premier League - 5th) England RW 18 Andros Townsend 1 1
32%
2015/16 (Premier League - 3rd) Argentina CB 28 Federico Fazio 1
32%
2014/15 (Premier League - 5th) Argentina CB 27 Federico Fazio 31
32%
2012/13 (Premier League - 5th) England DM 25 Tom Huddlestone 28
32%
2011/12 (Premier League - 4th) England DM 24 Tom Huddlestone 4
32%
2010/11 (Premier League - 5th) England DM 23 Tom Huddlestone 21 2
32%
2009/10 (Premier League - 4th) England DM 22 Tom Huddlestone 43 4
32%
2008/09 (Premier League - 8th) England DM 21 Tom Huddlestone 31 2
32%
2007/08 (Premier League - 11th) England DM 20 Tom Huddlestone 43 4
32%
2006/07 (Premier League - 5th) England DM 19 Tom Huddlestone 35 4
32%
2005/06 (Premier League - 5th) England DM 18 Tom Huddlestone 4
32%
2014/15 (Premier League - 5th) Romania CB 24 Vlad Chiricheș 19 1
32%
2013/14 (Premier League - 6th) Romania CB 23 Vlad Chiricheș 24 1
32%
2006/07 (Premier League - 5th) Netherlands CM 33 Edgar Davids 13
31%
2005/06 (Premier League - 5th) Netherlands CM 32 Edgar Davids 31 1
31%
2019/20 (Premier League - 6th) Cameroon LW 24 Georges-Kévin Nkoudou 1
31%
2018/19 (Premier League - 4th) Cameroon LW 23 Georges-Kévin Nkoudou 3
31%
2017/18 (Premier League - 3rd) Cameroon LW 22 Georges-Kévin Nkoudou 6 1
31%
2016/17 (Premier League - 2nd) Cameroon LW 21 Georges-Kévin Nkoudou 17
31%
2014/15 (Premier League - 5th) Germany AM 23 Lewis Holtby 3
31%
2013/14 (Premier League - 6th) Germany AM 22 Lewis Holtby 22 3
31%
2012/13 (Premier League - 5th) Germany AM 21 Lewis Holtby 17
31%
2011/12 (Premier League - 4th) France ST 32 Louis Saha 12 4
31%
2011/12 (Premier League - 4th) Croatia AM 26 Niko Kranjčar 18 1
31%
2010/11 (Premier League - 5th) Croatia AM 25 Niko Kranjčar 21 2
31%
2009/10 (Premier League - 4th) Croatia AM 24 Niko Kranjčar 32 8
31%
2007/08 (Premier League - 11th) England GK 27 Paul Robinson 37
31%
2006/07 (Premier League - 5th) England GK 26 Paul Robinson 54 1
31%
2005/06 (Premier League - 5th) England GK 25 Paul Robinson 40
31%
2004/05 (Premier League - 9th) England GK 24 Paul Robinson 44
31%
1993/94 (Premier League - 15th) Northern Ireland CM 18 Stephen Robinson 2
31%
2010/11 (Premier League - 5th) Scotland RB 25 Alan Hutton 26 2
30%
2009/10 (Premier League - 4th) Scotland RB 24 Alan Hutton 14
30%
2008/09 (Premier League - 8th) Scotland RB 23 Alan Hutton 11
30%
2007/08 (Premier League - 11th) Scotland RB 22 Alan Hutton 15
30%
2010/11 (Premier League - 5th) England RM 25 David Bentley 3
30%
2009/10 (Premier League - 4th) England RM 24 David Bentley 24 3
30%
2008/09 (Premier League - 8th) England RM 23 David Bentley 35 2
30%
2022/23 (Premier League - 8th) England CB 23 Japhet Tanganga 7
30%
2021/22 (Premier League - 4th) England CB 22 Japhet Tanganga 19
30%
2020/21 (Premier League - 7th) England CB 21 Japhet Tanganga 13
30%
2019/20 (Premier League - 6th) England CB 20 Japhet Tanganga 11
30%
2012/13 (Premier League - 5th) England CM 29 Jermaine Jenas 1
30%
2010/11 (Premier League - 5th) England CM 27 Jermaine Jenas 28
30%
2009/10 (Premier League - 4th) England CM 26 Jermaine Jenas 23 1
30%
2008/09 (Premier League - 8th) England CM 25 Jermaine Jenas 39 4
30%
2007/08 (Premier League - 11th) England CM 24 Jermaine Jenas 45 6
30%
2006/07 (Premier League - 5th) England CM 23 Jermaine Jenas 34 8
30%
2005/06 (Premier League - 5th) England CM 22 Jermaine Jenas 32 7
30%
2016/17 (Premier League - 2nd) Austria CB 23 Kevin Wimmer 10
30%
2015/16 (Premier League - 3rd) Austria CB 22 Kevin Wimmer 21
30%
2011/12 (Premier League - 4th) Cameroon CB 24 Sébastien Bassong 13
30%
2010/11 (Premier League - 5th) Cameroon CB 23 Sébastien Bassong 20 2
30%
2009/10 (Premier League - 4th) Cameroon CB 22 Sébastien Bassong 38 1
30%
2021/22 (Premier League - 4th) United States CB 23 Cameron Carter-Vickers 1
29%
2016/17 (Premier League - 2nd) United States CB 18 Cameron Carter-Vickers 4
29%
2011/12 (Premier League - 4th) Mexico SS 22 Giovani dos Santos 13 2
29%
2010/11 (Premier League - 5th) Mexico SS 21 Giovani dos Santos 5
29%
2009/10 (Premier League - 4th) Mexico SS 20 Giovani dos Santos 3
29%
2008/09 (Premier League - 8th) Mexico SS 19 Giovani dos Santos 12 1
29%
2002/03 (Premier League - 10th) England ST 35 Les Ferdinand 13 2
29%
2001/02 (Premier League - 9th) England ST 34 Les Ferdinand 33 15
29%
2000/01 (Premier League - 12th) England ST 33 Les Ferdinand 33 10
29%
1999/00 (Premier League - 10th) England ST 32 Les Ferdinand 9 2
29%
1998/99 (Premier League - 11th) England ST 31 Les Ferdinand 35 5
29%
1997/98 (Premier League - 14th) England ST 30 Les Ferdinand 24 5
29%
2021/22 (Premier League - 4th) Italy GK 26 Pierluigi Gollini 10
29%
2010/11 (Premier League - 5th) Honduras DM 25 Wilson Palacios 31
29%
2009/10 (Premier League - 4th) Honduras DM 24 Wilson Palacios 43 1
29%
2008/09 (Premier League - 8th) Honduras DM 23 Wilson Palacios 12
29%
2014/15 (Premier League - 5th) France DM 25 Étienne Capoue 18 1
27%
2013/14 (Premier League - 6th) France DM 24 Étienne Capoue 18 1
27%
2005/06 (Premier League - 5th) England CM 28 Michael Brown 11
27%
2004/05 (Premier League - 9th) England CM 27 Michael Brown 34 2
27%
2003/04 (Premier League - 14th) England CM 26 Michael Brown 19 1
27%
Managers Italy 2021 2023 Antonio Conte
26%
2022/23 (Premier League - 8th) Netherlands LW 25 Arnaut Danjuma 12 2
26%
2014/15 (Premier League - 5th) United States RB 20 DeAndre Yedlin 1
26%
2003/04 (Premier League - 14th) England CB 29 Dean Richards 26
26%
2002/03 (Premier League - 10th) England CB 28 Dean Richards 27 2
26%
2001/02 (Premier League - 9th) England CB 27 Dean Richards 28 2
26%
2008/09 (Premier League - 8th) Ivory Coast DM 27 Didier Zokora 44
26%
2007/08 (Premier League - 11th) Ivory Coast DM 26 Didier Zokora 43
26%
2006/07 (Premier League - 5th) Ivory Coast DM 25 Didier Zokora 47
26%
2010/11 (Premier League - 5th) England CB 30 Jonathan Woodgate 1
26%
2009/10 (Premier League - 4th) England CB 29 Jonathan Woodgate 3
26%
2008/09 (Premier League - 8th) England CB 28 Jonathan Woodgate 44 1
26%
2007/08 (Premier League - 11th) England CB 27 Jonathan Woodgate 17 2
26%
Managers Argentina 2014 2019 Mauricio Pochettino
26%
2005/06 (Premier League - 5th) England DM 25 Sean Davis 1
26%
2004/05 (Premier League - 9th) England DM 24 Sean Davis 18
26%
2015/16 (Premier League - 3rd) Cameroon RW 21 Clinton N'Jie 14
25%
2003/04 (Premier League - 14th) England RM 31 Darren Anderton 24 3
25%
2002/03 (Premier League - 10th) England RM 30 Darren Anderton 22
25%
2001/02 (Premier League - 9th) England RM 29 Darren Anderton 44 6
25%
2000/01 (Premier League - 12th) England RM 28 Darren Anderton 26 4
25%
1999/00 (Premier League - 10th) England RM 27 Darren Anderton 22 3
25%
1998/99 (Premier League - 11th) England RM 26 Darren Anderton 46 5
25%
1997/98 (Premier League - 14th) England RM 25 Darren Anderton 15
25%
1996/97 (Premier League - 10th) England RM 24 Darren Anderton 18 5
25%
1995/96 (Premier League - 8th) England RM 23 Darren Anderton 9 2
25%
1994/95 (Premier League - 7th) England RM 22 Darren Anderton 45 7
25%
1993/94 (Premier League - 15th) England RM 21 Darren Anderton 44 6
25%
1992/93 (Premier League - 8th) England RM 20 Darren Anderton 41 8
25%
Managers Portugal 2019 2021 José Mourinho
25%
2009/10 (Premier League - 4th) Ghana AM 22 Kevin-Prince Boateng 1
25%
2008/09 (Premier League - 8th) Ghana AM 21 Kevin-Prince Boateng 2
25%
2007/08 (Premier League - 11th) Ghana AM 20 Kevin-Prince Boateng 21
25%
Managers Portugal 2021 2021 Nuno Espírito Santo
25%
2012/13 (Premier League - 5th) Sierra Leone CB 20 Steven Caulker 28 2
25%
2010/11 (Premier League - 5th) Sierra Leone CB 18 Steven Caulker 1
25%
2008/09 (Premier League - 8th) Morocco AM 19 Adel Taarabt 3
23%
2007/08 (Premier League - 11th) Morocco AM 18 Adel Taarabt 10
23%
2006/07 (Premier League - 5th) Morocco AM 17 Adel Taarabt 2
23%
2003/04 (Premier League - 14th) Germany LM 31 Christian Ziege 10 1
23%
2002/03 (Premier League - 10th) Germany LM 30 Christian Ziege 12 2
23%
2001/02 (Premier League - 9th) Germany LM 29 Christian Ziege 33 7
23%
1998/99 (Premier League - 11th) England LB 36 Clive Wilson 1
23%
1997/98 (Premier League - 14th) England LB 35 Clive Wilson 19
23%
1996/97 (Premier League - 10th) England LB 34 Clive Wilson 30 1
23%
1995/96 (Premier League - 8th) England LB 33 Clive Wilson 36 1
23%
2004/05 (Premier League - 9th) United States GK 34 Kasey Keller 2
23%
2003/04 (Premier League - 14th) United States GK 33 Kasey Keller 45
23%
2002/03 (Premier League - 10th) United States GK 32 Kasey Keller 41
23%
2001/02 (Premier League - 9th) United States GK 31 Kasey Keller 11
23%
2019/20 (Premier League - 6th) Ireland ST 17 Troy Parrott 4
23%
2005/06 (Premier League - 5th) Ireland LM 22 Andy Reid 14
22%
2004/05 (Premier League - 9th) France LM 21 Andy Reid 13 1
22%
Managers England 1992 1993 Doug Livermore
22%
2009/10 (Premier League - 4th) Iceland ST 30 Eiður Guðjohnsen 14 2
22%
2012/13 (Premier League - 5th) England DM 22 Jake Livermore 18
22%
2011/12 (Premier League - 4th) England DM 21 Jake Livermore 38 1
22%
2010/11 (Premier League - 5th) England DM 20 Jake Livermore 1
22%
2009/10 (Premier League - 4th) England DM 19 Jake Livermore 1
22%
2001/02 (Premier League - 9th) England CM 32 Tim Sherwood 28 1
22%
2000/01 (Premier League - 12th) England CM 31 Tim Sherwood 38 2
22%
1999/00 (Premier League - 10th) England CM 30 Tim Sherwood 33 10
22%
1998/99 (Premier League - 11th) England CM 29 Tim Sherwood 18 3
22%
Managers England 2013 2014 Tim Sherwood
22%
2005/06 (Premier League - 5th) Mali ST 27 Frédéric Kanouté 1
21%
2004/05 (Premier League - 9th) Mali ST 26 Frédéric Kanouté 41 9
21%
2003/04 (Premier League - 14th) Mali ST 25 Frédéric Kanouté 31 12
21%
2016/17 (Premier League - 2nd) England CM 24 Tom Carroll 3
21%
2015/16 (Premier League - 3rd) England CM 23 Tom Carroll 30 3
21%
2013/14 (Premier League - 6th) England CM 21 Tom Carroll 2
21%
2012/13 (Premier League - 5th) England CM 20 Tom Carroll 14
21%
2011/12 (Premier League - 4th) England CM 19 Tom Carroll 7
21%
2024/25 (Premier League - 16th) England ST 20 Will Lankshear 6 1
21%
Managers Portugal 2012 2013 André Villas-Boas
19%
Managers England 2007 2007 Clive Allen
19%
2003/04 (Premier League - 14th) Uruguay AM 35 Gus Poyet 25 3
19%
2002/03 (Premier League - 10th) Uruguay AM 34 Gus Poyet 30 6
19%
2001/02 (Premier League - 9th) Uruguay AM 33 Gus Poyet 43 14
19%
2014/15 (Premier League - 5th) England RB 25 Kyle Naughton 11
19%
2013/14 (Premier League - 6th) England RB 24 Kyle Naughton 34
19%
2012/13 (Premier League - 5th) England RB 23 Kyle Naughton 26
19%
2010/11 (Premier League - 5th) England RB 21 Kyle Naughton 1
19%
2009/10 (Premier League - 4th) England RB 20 Kyle Naughton 3
19%
1993/94 (Premier League - 15th) England CM 30 Paul Allen 2
19%
1992/93 (Premier League - 8th) England CM 29 Paul Allen 47 3
19%
1998/99 (Premier League - 11th) England ST 20 Rory Allen 7
19%
1997/98 (Premier League - 14th) England ST 19 Rory Allen 4
19%
1996/97 (Premier League - 10th) England ST 18 Rory Allen 16 4
19%
Managers Australia 2023 Now Ange Postecoglou
18%
2014/15 (Premier League - 5th) France DM 23 Benjamin Stambouli 25 1
18%
Managers England 2001 2003 Glenn Hoddle
18%
2008/09 (Premier League - 8th) France RB 29 Pascal Chimbonda 5
18%
2007/08 (Premier League - 11th) France RB 28 Pascal Chimbonda 49 3
18%
2006/07 (Premier League - 5th) France RB 27 Pascal Chimbonda 49 1
18%
2005/06 (Premier League - 5th) Portugal CM 26 Pedro Mendes 6
18%
2004/05 (Premier League - 9th) Portugal CM 25 Pedro Mendes 30 1
18%
2022/23 (Premier League - 8th) England AM 17 Alfie Devine 1
17%
2020/21 (Premier League - 7th) England AM 15 Alfie Devine 1 1
17%
2007/08 (Premier League - 11th) England CB 26 Anthony Gardner 6 1
17%
2006/07 (Premier League - 5th) England CB 25 Anthony Gardner 16
17%
2005/06 (Premier League - 5th) England CB 24 Anthony Gardner 18
17%
2004/05 (Premier League - 9th) England CB 23 Anthony Gardner 24 1
17%
2003/04 (Premier League - 14th) England CB 22 Anthony Gardner 40
17%
2002/03 (Premier League - 10th) England CB 21 Anthony Gardner 13 1
17%
2001/02 (Premier League - 9th) England CB 20 Anthony Gardner 19
17%
2000/01 (Premier League - 12th) England CB 19 Anthony Gardner 8
17%
2000/01 (Premier League - 12th) England ST 29 Chris Armstrong 9 2
17%
1999/00 (Premier League - 10th) England ST 28 Chris Armstrong 38 14
17%
1998/99 (Premier League - 11th) England ST 27 Chris Armstrong 44 12
17%
1997/98 (Premier League - 14th) England ST 26 Chris Armstrong 22 6
17%
1996/97 (Premier League - 10th) England ST 25 Chris Armstrong 15 6
17%
1995/96 (Premier League - 8th) England ST 24 Chris Armstrong 45 22
17%
2024/25 (Premier League - 16th) England RW 19 Damola Ajayi 1 1
17%
2006/07 (Premier League - 5th) Egypt CM 24 Hossam Ghaly 34 3
17%
Managers Spain 2007 2008 Juande Ramos
17%
2024/25 (Premier League - 16th) England CB 20 Alfie Dorrington 1
16%
2023/24 (Premier League - 5th) England CB 18 Alfie Dorrington 0
16%
2002/03 (Premier League - 10th) England CB 29 Chris Perry 20 1
16%
2001/02 (Premier League - 9th) England CB 28 Chris Perry 42
16%
2000/01 (Premier League - 12th) England CB 27 Chris Perry 37 1
16%
1999/00 (Premier League - 10th) England CB 26 Chris Perry 45 2
16%
2006/07 (Premier League - 5th) England CM 29 Danny Murphy 19 1
16%
2005/06 (Premier League - 5th) England CM 28 Danny Murphy 10
16%
1997/98 (Premier League - 14th) England CB 35 Gary Mabbutt 12
16%
1996/97 (Premier League - 10th) England CB 34 Gary Mabbutt 1
16%
1995/96 (Premier League - 8th) England CB 33 Gary Mabbutt 41
16%
1994/95 (Premier League - 7th) England CB 32 Gary Mabbutt 44
16%
1993/94 (Premier League - 15th) England CB 31 Gary Mabbutt 32
16%
1992/93 (Premier League - 8th) England CB 30 Gary Mabbutt 36 2
16%
2009/10 (Premier League - 4th) England CM 22 Jamie O'Hara 3 1
16%
2008/09 (Premier League - 8th) England CM 21 Jamie O'Hara 28 4
16%
2007/08 (Premier League - 11th) England CM 20 Jamie O'Hara 25 2
16%
2016/17 (Premier League - 2nd) Spain GK 21 Pau López 0
16%
2001/02 (Premier League - 9th) Ukraine ST 27 Serhiy Rebrov 39 4
16%
2000/01 (Premier League - 12th) Ukraine ST 26 Serhiy Rebrov 34 12
16%
2007/08 (Premier League - 11th) France LM 27 Steed Malbranque 55 7
16%
2006/07 (Premier League - 5th) France LM 26 Steed Malbranque 41 5
16%
2002/03 (Premier League - 10th) Germany DM 32 Steffen Freund 19
16%
2001/02 (Premier League - 9th) Germany DM 31 Steffen Freund 25
16%
2000/01 (Premier League - 12th) Germany DM 30 Steffen Freund 25
16%
1999/00 (Premier League - 10th) Germany DM 29 Steffen Freund 34
16%
1998/99 (Premier League - 11th) Germany DM 28 Steffen Freund 26
16%
2008/09 (Premier League - 8th) Wales RB 18 Chris Gunter 12
14%
2007/08 (Premier League - 11th) Wales RB 17 Chris Gunter 4
14%
2000/01 (Premier League - 12th) England RB 20 Luke Young 28
14%
1999/00 (Premier League - 10th) England RB 19 Luke Young 26
14%
1998/99 (Premier League - 11th) England RB 18 Luke Young 22
14%
Managers Netherlands 2004 2007 Martin Jol
14%
1994/95 (Premier League - 7th) England LM 20 Nick Barmby 46 11
14%
1993/94 (Premier League - 15th) England LM 19 Nick Barmby 33 7
14%
1992/93 (Premier League - 8th) England LM 18 Nick Barmby 29 9
14%
1999/00 (Premier League - 10th) Montserrat CM 31 Ruel Fox 6
14%
1998/99 (Premier League - 11th) Montserrat CM 30 Ruel Fox 25 4
14%
1997/98 (Premier League - 14th) Montserrat CM 29 Ruel Fox 37 4
14%
1996/97 (Premier League - 10th) Montserrat CM 28 Ruel Fox 29 1
14%
1995/96 (Premier League - 8th) Montserrat CM 27 Ruel Fox 32 6
14%
2002/03 (Premier League - 10th) Norway ST 25 Steffen Iversen 22 1
14%
2001/02 (Premier League - 9th) Norway ST 24 Steffen Iversen 24 7
14%
2000/01 (Premier League - 12th) Norway ST 23 Steffen Iversen 16 2
14%
1999/00 (Premier League - 10th) Norway ST 22 Steffen Iversen 44 17
14%
1998/99 (Premier League - 11th) Norway ST 21 Steffen Iversen 40 13
14%
1997/98 (Premier League - 14th) Norway ST 20 Steffen Iversen 13
14%
1996/97 (Premier League - 10th) Norway ST 19 Steffen Iversen 16 6
14%
2005/06 (Premier League - 5th) Ireland RB 21 Stephen Kelly 11
14%
2004/05 (Premier League - 9th) Ireland RB 20 Stephen Kelly 23 2
14%
2003/04 (Premier League - 14th) Ireland RB 19 Stephen Kelly 11
14%
2007/08 (Premier League - 11th) Finland DM 27 Teemu Tainio 26
14%
2006/07 (Premier League - 5th) Finland DM 26 Teemu Tainio 32 2
14%
2005/06 (Premier League - 5th) Finland DM 25 Teemu Tainio 25 1
14%
1998/99 (Premier League - 11th) Scotland CB 33 Colin Calderwood 17
13%
1997/98 (Premier League - 14th) Scotland CB 32 Colin Calderwood 30 5
13%
1996/97 (Premier League - 10th) Scotland CB 31 Colin Calderwood 39
13%
1995/96 (Premier League - 8th) Scotland CB 30 Colin Calderwood 36
13%
1994/95 (Premier League - 7th) Scotland CB 29 Colin Calderwood 43 2
13%
1993/94 (Premier League - 15th) Scotland CB 28 Colin Calderwood 34
13%
2005/06 (Premier League - 5th) Sweden LB 26 Erik Edman 3
13%
2004/05 (Premier League - 9th) Sweden LB 25 Erik Edman 31 1
13%
Managers Scotland 1998 2001 George Graham
13%
2023/24 (Premier League - 5th) Northern Ireland AM 18 Jamie Donley 4
13%
2005/06 (Premier League - 5th) England CM 22 Johnnie Jackson 1
13%
2004/05 (Premier League - 9th) England CM 21 Johnnie Jackson 9
13%
2003/04 (Premier League - 14th) England CM 20 Johnnie Jackson 14 1
13%
2016/17 (Premier League - 2nd) England AM 19 Josh Onomah 12 1
13%
2015/16 (Premier League - 3rd) England AM 18 Josh Onomah 19
13%
2014/15 (Premier League - 5th) England AM 17 Josh Onomah 1
13%
1999/00 (Premier League - 10th) England LB 29 Justin Edinburgh 13
13%
1998/99 (Premier League - 11th) England LB 28 Justin Edinburgh 26
13%
1997/98 (Premier League - 14th) England LB 27 Justin Edinburgh 18
13%
1996/97 (Premier League - 10th) England LB 26 Justin Edinburgh 27
13%
1995/96 (Premier League - 8th) England LB 25 Justin Edinburgh 28
13%
1994/95 (Premier League - 7th) England LB 24 Justin Edinburgh 37
13%
1993/94 (Premier League - 15th) England LB 23 Justin Edinburgh 31
13%
1992/93 (Premier League - 8th) England LB 22 Justin Edinburgh 41
13%
2002/03 (Premier League - 10th) Scotland GK 32 Neil Sullivan 0
13%
2001/02 (Premier League - 9th) Scotland GK 31 Neil Sullivan 38
13%
2000/01 (Premier League - 12th) Scotland GK 30 Neil Sullivan 41
13%
Managers Argentina 1993 1994 Ossie Ardiles
13%
2007/08 (Premier League - 11th) Canada RB 29 Paul Stalteri 7
13%
2006/07 (Premier League - 5th) Canada RB 28 Paul Stalteri 14 1
13%
2005/06 (Premier League - 5th) Canada RB 27 Paul Stalteri 35 2
13%
2011/12 (Premier League - 4th) New Zealand CB 33 Ryan Nelsen 8 1
13%
1999/00 (Premier League - 10th) Denmark CM 28 Allan Nielsen 17
12%
1998/99 (Premier League - 11th) Denmark CM 27 Allan Nielsen 28 9
12%
1997/98 (Premier League - 14th) Denmark CM 26 Allan Nielsen 27 3
12%
1996/97 (Premier League - 10th) Denmark CM 25 Allan Nielsen 33 6
12%
2005/06 (Premier League - 5th) Poland ST 26 Grzegorz Rasiak 9
12%
2021/22 (Premier League - 4th) England LW 20 Jack Clarke 1
12%
2020/21 (Premier League - 7th) England LW 19 Jack Clarke 3
12%
2016/17 (Premier League - 2nd) England RW 17 Marcus Edwards 1
12%
2001/02 (Premier League - 9th) Norway AM 30 Øyvind Leonhardsen 13
12%
2000/01 (Premier League - 12th) Norway AM 29 Øyvind Leonhardsen 29 4
12%
1999/00 (Premier League - 10th) Norway AM 28 Øyvind Leonhardsen 28 6
12%
2000/01 (Premier League - 12th) Switzerland CB 29 Ramon Vega 10
12%
1999/00 (Premier League - 10th) Switzerland CB 28 Ramon Vega 8 1
12%
1998/99 (Premier League - 11th) Switzerland CB 27 Ramon Vega 25 3
12%
1997/98 (Premier League - 14th) Switzerland CB 26 Ramon Vega 30 3
12%
1996/97 (Premier League - 10th) Switzerland CB 25 Ramon Vega 8 1
12%
1998/99 (Premier League - 11th) England LM 32 Andy Sinton 34 1
10%
1997/98 (Premier League - 14th) England LM 31 Andy Sinton 21
10%
1996/97 (Premier League - 10th) England LM 30 Andy Sinton 36 6
10%
1995/96 (Premier League - 8th) England LM 29 Andy Sinton 9
10%
1995/96 (Premier League - 8th) Ireland LW 20 Andy Turner 1
10%
1994/95 (Premier League - 7th) Ireland LW 19 Andy Turner 1
10%
1993/94 (Premier League - 15th) Ireland LW 18 Andy Turner 1
10%
1992/93 (Premier League - 8th) Ireland LW 17 Andy Turner 21 4
10%
Managers Switzerland 1997 1998 Christian Gross
10%
Managers England 2003 2004 David Pleat
10%
Managers England 2001 2001 David Pleat
10%
Managers England 1998 1998 David Pleat
10%
1995/96 (Premier League - 8th) Norway GK 32 Erik Thorstvedt 0
10%
1994/95 (Premier League - 7th) Norway GK 31 Erik Thorstvedt 2
10%
1993/94 (Premier League - 15th) Norway GK 30 Erik Thorstvedt 37
10%
1992/93 (Premier League - 8th) Norway GK 29 Erik Thorstvedt 34
10%
2008/09 (Premier League - 8th) Brazil LB 32 Gilberto 3
10%
2007/08 (Premier League - 11th) Brazil LB 31 Gilberto 7 1
10%
1993/94 (Premier League - 15th) Scotland ST 27 Gordon Durie 12 1
10%
1992/93 (Premier League - 8th) Scotland ST 26 Gordon Durie 20 4
10%
1999/00 (Premier League - 10th) England CB 32 John Scales 4
10%
1998/99 (Premier League - 11th) England CB 31 John Scales 9 1
10%
1997/98 (Premier League - 14th) England CB 30 John Scales 12
10%
1996/97 (Premier League - 10th) England CB 29 John Scales 12
10%
1995/96 (Premier League - 8th) England CB 28 Kevin Scott 3
10%
1994/95 (Premier League - 7th) England CB 27 Kevin Scott 4
10%
1993/94 (Premier League - 15th) England CB 26 Kevin Scott 12 1
10%
2002/03 (Premier League - 10th) England LM 20 Matthew Etherington 25 1
10%
2001/02 (Premier League - 9th) England LM 19 Matthew Etherington 14 1
10%
2000/01 (Premier League - 12th) England LM 18 Matthew Etherington 6
10%
1999/00 (Premier League - 10th) England LM 17 Matthew Etherington 5
10%
2003/04 (Premier League - 14th) Argentina LB 30 Mauricio Taricco 37 1
10%
2002/03 (Premier League - 10th) Argentina LB 29 Mauricio Taricco 23 1
10%
2001/02 (Premier League - 9th) Argentina LB 28 Mauricio Taricco 40
10%
2000/01 (Premier League - 12th) Argentina LB 27 Mauricio Taricco 5
10%
1999/00 (Premier League - 10th) Argentina LB 26 Mauricio Taricco 35
10%
1998/99 (Premier League - 11th) Argentina LB 25 Mauricio Taricco 16
10%
1994/95 (Premier League - 7th) England CM 34 Micky Hazard 13
10%
1993/94 (Premier League - 15th) England CM 33 Micky Hazard 19 2
10%
2005/06 (Premier League - 5th) Morocco CB 35 Noureddine Naybet 4
10%
2004/05 (Premier League - 9th) Morocco CB 34 Noureddine Naybet 31 1
10%
2007/08 (Premier League - 11th) Portugal CB 28 Ricardo Rocha 5
10%
2006/07 (Premier League - 5th) Portugal CB 27 Ricardo Rocha 13
10%
2004/05 (Premier League - 9th) England AM 21 Rohan Ricketts 8
10%
2003/04 (Premier League - 14th) England AM 20 Rohan Ricketts 28 2
10%
2015/16 (Premier League - 3rd) England AM 22 Alex Pritchard 1
9%
2013/14 (Premier League - 6th) England AM 20 Alex Pritchard 1
9%
2003/04 (Premier League - 14th) England ST 22 Bobby Zamora 18 1
9%
2024/25 (Premier League - 16th) England CM 18 Callum Olusesi 1
9%
Managers Ireland 1998 1998 Chris Hughton
9%
Managers Italy 2023 2023 Cristian Stellini
9%
1994/95 (Premier League - 7th) Romania CB 26 Gheorghe Popescu 27 3
9%
1992/93 (Premier League - 8th) England CB 24 Neil Ruddock 47 3
9%
2005/06 (Premier League - 5th) France CB 26 Noé Pamarot 2
9%
2004/05 (Premier League - 9th) France CB 25 Noé Pamarot 28 2
9%
1992/93 (Premier League - 8th) Wales LB 31 Pat Van Den Hauwe 20
9%
1996/97 (Premier League - 10th) Israel LW 32 Ronny Rosenthal 20 1
9%
1995/96 (Premier League - 8th) Israel LW 31 Ronny Rosenthal 40 4
9%
1994/95 (Premier League - 7th) Israel LW 30 Ronny Rosenthal 25 4
9%
1993/94 (Premier League - 15th) Israel LW 29 Ronny Rosenthal 15 2
9%
2002/03 (Premier League - 10th) England CM 24 Stephen Clemence 1
9%
2001/02 (Premier League - 9th) England CM 23 Stephen Clemence 6
9%
2000/01 (Premier League - 12th) England CM 22 Stephen Clemence 34 1
9%
1999/00 (Premier League - 10th) England CM 21 Stephen Clemence 24 1
9%
1998/99 (Premier League - 11th) England CM 20 Stephen Clemence 21
9%
1997/98 (Premier League - 14th) England CM 19 Stephen Clemence 21 1
9%
Managers England 1994 1994 Steve Perryman
9%
2007/08 (Premier League - 11th) England LW 22 Wayne Routledge 2
9%
2005/06 (Premier League - 5th) England LW 20 Wayne Routledge 3
9%
2009/10 (Premier League - 4th) England GK 22 Ben Alnwick 1
8%
2008/09 (Premier League - 8th) England GK 21 Ben Alnwick 2
8%
2002/03 (Premier League - 10th) Wales LB 26 Ben Thatcher 14
8%
2001/02 (Premier League - 9th) Wales LB 25 Ben Thatcher 17
8%
2000/01 (Premier League - 12th) Wales LB 24 Ben Thatcher 13
8%
1997/98 (Premier League - 14th) England CM 29 David Howells 22
8%
1996/97 (Premier League - 10th) England CM 28 David Howells 37 2
8%
1995/96 (Premier League - 8th) England CM 27 David Howells 33 4
8%
1994/95 (Premier League - 7th) England CM 26 David Howells 34 1
8%
1993/94 (Premier League - 15th) England CM 25 David Howells 20 2
8%
1992/93 (Premier League - 8th) England CM 24 David Howells 22 1
8%
Managers England 1994 1997 Gerry Francis
8%
2003/04 (Premier League - 14th) Portugal ST 20 Hélder Postiga 24 2
8%
1995/96 (Premier League - 8th) Romania LW 26 Ilie Dumitrescu 5
8%
1994/95 (Premier League - 7th) Romania LW 25 Ilie Dumitrescu 15 5
8%
1996/97 (Premier League - 10th) England CM 28 Jason Dozzell 18 2
8%
1995/96 (Premier League - 8th) England CM 27 Jason Dozzell 33 3
8%
1994/95 (Premier League - 7th) England CM 26 Jason Dozzell 9
8%
1993/94 (Premier League - 15th) England CM 25 Jason Dozzell 38 9
8%
1995/96 (Premier League - 8th) Scotland ST 25 John Hendry 2 1
8%
1993/94 (Premier League - 15th) Scotland ST 23 John Hendry 5
8%
1992/93 (Premier League - 8th) Scotland ST 22 John Hendry 5 2
8%
2002/03 (Premier League - 10th) Japan DM 24 Kazuyuki Toda 4
8%
1995/96 (Premier League - 8th) England CM 21 Kevin Watson 4
8%
1992/93 (Premier League - 8th) England CM 18 Kevin Watson 7 1
8%
2022/23 (Premier League - 8th) Scotland DM 19 Matthew Craig 1
8%
2002/03 (Premier League - 10th) Slovenia LM 25 Milenko Ačimovič 18
8%
1998/99 (Premier League - 11th) Algeria LM 29 Moussa Saïb 4
8%
1997/98 (Premier League - 14th) Algeria LM 28 Moussa Saïb 9 1
8%
1992/93 (Premier League - 8th) Spain CM 25 Nayim 23 6
8%
1995/96 (Premier League - 8th) Ireland CB 19 Owen Coll 3
8%
2003/04 (Premier League - 14th) England LB 22 Paul Konchesky 15
8%
2007/08 (Premier League - 11th) Czech Republic GK 33 Radek Černý 20
8%
2006/07 (Premier League - 5th) Czech Republic GK 32 Radek Černý 5
8%
2005/06 (Premier League - 5th) Czech Republic GK 31 Radek Černý 0
8%
2004/05 (Premier League - 9th) Czech Republic GK 30 Radek Černý 3
8%
2006/07 (Premier League - 5th) Switzerland LM 20 Reto Ziegler 4
8%
2004/05 (Premier League - 9th) Switzerland LM 18 Reto Ziegler 30 1
8%
2004/05 (Premier League - 9th) Cameroon LB 22 Timothée Atouba 24 1
8%
1993/94 (Premier League - 15th) England CM 24 Vinny Samways 47 3
8%
1992/93 (Premier League - 8th) England CM 23 Vinny Samways 42 3
8%
2006/07 (Premier League - 5th) England CB 23 Calum Davenport 15 1
6%
2005/06 (Premier League - 5th) England CB 22 Calum Davenport 4
6%
2004/05 (Premier League - 9th) England CB 21 Calum Davenport 1
6%
1995/96 (Premier League - 8th) England CM 20 Danny Hill 1
6%
1994/95 (Premier League - 7th) England CM 19 Danny Hill 5
6%
1993/94 (Premier League - 15th) England CM 18 Danny Hill 3
6%
1992/93 (Premier League - 8th) England CM 17 Danny Hill 4
6%
1995/96 (Premier League - 8th) England RW 34 David Byrne 4
6%
2009/10 (Premier League - 4th) France CB 20 Dorian Dervite 0
6%
2006/07 (Premier League - 5th) France CB 17 Dorian Dervite 1
6%
1999/00 (Premier League - 10th) Norway GK 21 Espen Baardsen 0
6%
1998/99 (Premier League - 11th) Norway GK 20 Espen Baardsen 15
6%
1997/98 (Premier League - 14th) Norway GK 19 Espen Baardsen 12
6%
1996/97 (Premier League - 10th) Norway GK 18 Espen Baardsen 2
6%
1998/99 (Premier League - 11th) Netherlands GK 36 Hans Segers 2
6%
2012/13 (Premier League - 5th) Spain RW 22 Iago Falque 5
6%
2011/12 (Premier League - 4th) Spain RW 21 Iago Falque 6
6%
Managers France 2004 2004 Jacques Santini
6%
1995/96 (Premier League - 8th) England CB 25 Jason Cundy 1
6%
1992/93 (Premier League - 8th) England CB 22 Jason Cundy 17 1
6%
2019/20 (Premier League - 6th) England CB 17 Malachi Fagan-Walcott 1
6%
1998/99 (Premier League - 11th) Italy CM 31 Nicola Berti 4
6%
1997/98 (Premier League - 14th) Italy CM 30 Nicola Berti 19 3
6%
2003/04 (Premier League - 14th) France CM 24 Stéphane Dalmat 28 3
6%
1993/94 (Premier League - 15th) England CM 25 Steve Sedgley 50 6
6%
1992/93 (Premier League - 8th) England CM 24 Steve Sedgley 27 4
6%
2010/11 (Premier League - 5th) Croatia GK 31 Stipe Pletikosa 1
6%
2013/14 (Premier League - 6th) England LB 20 Zeki Fryers 16
6%
1995/96 (Premier League - 8th) England CM 20 Darren Caskey 6
5%
1994/95 (Premier League - 7th) England CM 19 Darren Caskey 5
5%
1993/94 (Premier League - 15th) England CM 18 Darren Caskey 32 5
5%
1992/93 (Premier League - 8th) England CB 20 Dave Tuttle 7
5%
2018/19 (Premier League - 4th) England DM 19 George Marsh 1
5%
1995/96 (Premier League - 8th) Northern Ireland CM 21 Gerry McMahon 21 1
5%
1994/95 (Premier League - 7th) Northern Ireland CM 20 Gerry McMahon 2
5%
2004/05 (Premier League - 9th) Serbia CB 31 Goran Bunjevčević 5 2
5%
2003/04 (Premier League - 14th) Serbia CB 30 Goran Bunjevčević 8
5%
2002/03 (Premier League - 10th) Serbia CB 29 Goran Bunjevčević 37
5%
2001/02 (Premier League - 9th) Serbia CB 28 Goran Bunjevčević 8
5%
2011/12 (Premier League - 4th) Trinidad and Tobago CM 19 John Bostock 1
5%
2008/09 (Premier League - 8th) Trinidad and Tobago CM 16 John Bostock 3
5%
2003/04 (Premier League - 14th) Belgium DM 19 Jonathan Blondel 3
5%
2002/03 (Premier League - 10th) Belgium DM 18 Jonathan Blondel 1
5%
2000/01 (Premier League - 12th) Portugal LW 26 José Dominguez 3
5%
1999/00 (Premier League - 10th) Portugal LW 25 José Dominguez 17
5%
1998/99 (Premier League - 11th) Portugal LW 24 José Dominguez 15 3
5%
1997/98 (Premier League - 14th) Portugal LW 23 José Dominguez 22 2
5%
2018/19 (Premier League - 4th) England ST 19 Kazaiah Sterling 1
5%
2017/18 (Premier League - 3rd) England ST 18 Kazaiah Sterling 1
5%
2005/06 (Premier League - 5th) England ST 20 Lee Barnard 3
5%
2018/19 (Premier League - 4th) England CM 21 Luke Amos 1
5%
2020/21 (Premier League - 7th) Portugal RB 19 Marcel Lavinier 1
5%
2004/05 (Premier League - 9th) Ireland LW 19 Mark Yeates 3
5%
2003/04 (Premier League - 14th) Ireland LW 18 Mark Yeates 1
5%
2004/05 (Premier League - 9th) Hungary GK 21 Márton Fülöp 0
5%
2004/05 (Premier League - 9th) South Africa CB 23 Mbulelo Mabizela 2
5%
2003/04 (Premier League - 14th) South Africa CB 22 Mbulelo Mabizela 7 1
5%
1998/99 (Premier League - 11th) Italy LB 27 Paolo Tramezzani 7
5%
1993/94 (Premier League - 15th) England RW 25 Paul Moran 6
5%
1992/93 (Premier League - 8th) England RW 24 Paul Moran 3
5%
2016/17 (Premier League - 2nd) England ST 18 Shayon Harrison 1
5%
1995/96 (Premier League - 8th) England CM 18 Simon Spencer 3
5%
1996/97 (Premier League - 10th) England CB 23 Stuart Nethercott 9
5%
1995/96 (Premier League - 8th) England CB 22 Stuart Nethercott 16
5%
1994/95 (Premier League - 7th) England CB 21 Stuart Nethercott 22 1
5%
1993/94 (Premier League - 15th) England CB 20 Stuart Nethercott 11
5%
1992/93 (Premier League - 8th) England CB 19 Stuart Nethercott 5
5%
1995/96 (Premier League - 8th) England CM 33 Alan Pardew 4
4%
2001/02 (Premier League - 9th) England CB 20 Alton Thelwell 3
4%
2000/01 (Premier League - 12th) England CB 19 Alton Thelwell 18
4%
1995/96 (Premier League - 8th) England GK 19 Chris Day 4
4%
1994/95 (Premier League - 7th) England GK 18 Chris Day 0
4%
1992/93 (Premier League - 8th) Ireland RB 21 David McDonald 2
4%
2004/05 (Premier League - 9th) England CM 20 Dean Marney 8 2
4%
2003/04 (Premier League - 14th) England CM 19 Dean Marney 3
4%
1997/98 (Premier League - 14th) Scotland CM 20 Garry Brady 11
4%
2022/23 (Premier League - 8th) England DM 16 George Abbott 1
4%
1992/93 (Premier League - 8th) Iceland CB 26 Guðni Bergsson 6
4%
2021/22 (Premier League - 4th) England LW 19 J'Neil Bennett 1
4%
2003/04 (Premier League - 14th) Canada GK 24 Lars Hirschfeld 0
4%
2002/03 (Premier League - 10th) Canada GK 23 Lars Hirschfeld 0
4%
1992/93 (Premier League - 8th) England CM 18 Lee Hodges 4
4%
2021/22 (Premier League - 4th) Estonia CB 18 Maksim Paskotši 1
4%
2011/12 (Premier League - 4th) Australia CM 18 Massimo Luongo 1
4%
2014/15 (Premier League - 5th) Serbia CB 18 Miloš Veljković 1
4%
2013/14 (Premier League - 6th) Serbia CB 17 Miloš Veljković 2
4%
2006/07 (Premier League - 5th) England RB 19 Philip Ifil 2
4%
2004/05 (Premier League - 9th) England RB 17 Philip Ifil 3
4%
1995/96 (Premier League - 8th) England ST 19 Robbie Simpson 2
4%
1998/99 (Premier League - 11th) Norway CB 28 Roger Nilsen 14
4%
1992/93 (Premier League - 8th) England CB 32 Terry Fenwick 5
4%
2000/01 (Premier League - 12th) Netherlands LW 25 Willem Korsten 17 3
4%
1999/00 (Premier League - 10th) Netherlands LW 24 Willem Korsten 9
4%
2000/01 (Premier League - 12th) England ST 26 Andy Booth 4
3%
2017/18 (Premier League - 3rd) Cyprus LM 20 Anthony Georgiou 1
3%
2011/12 (Premier League - 4th) England ST 18 Cameron Lancaster 1
3%
2009/10 (Premier League - 4th) England GK 20 David Button 1
3%
1995/96 (Premier League - 8th) England RB 29 David Kerslake 2
3%
1994/95 (Premier League - 7th) England RB 28 David Kerslake 20
3%
1993/94 (Premier League - 15th) England RB 27 David Kerslake 22
3%
2016/17 (Premier League - 2nd) Slovakia DM 20 Filip Lesniak 1
3%
2002/03 (Premier League - 10th) England ST 17 Jamie Slabber 1
3%
2000/01 (Premier League - 12th) England AM 20 John Piercy 5
3%
1999/00 (Premier League - 10th) England AM 19 John Piercy 4
3%
1992/93 (Premier League - 8th) England GK 22 Kevin Dearden 1
3%
2024/25 (Premier League - 16th) England CB 17 Malachi Hardy 0
3%
1997/98 (Premier League - 14th) Ireland ST 20 Neale Fenn 5 1
3%
1996/97 (Premier League - 10th) Ireland ST 19 Neale Fenn 5
3%
1997/98 (Premier League - 14th) England ST 23 Paul Mahorn 4 1
3%
1995/96 (Premier League - 8th) England ST 21 Paul Mahorn 1
3%
1993/94 (Premier League - 15th) England ST 19 Paul Mahorn 1
3%
1996/97 (Premier League - 10th) Northern Ireland LW 18 Paul McVeigh 3 1
3%
2013/14 (Premier League - 6th) England RB 20 Ryan Fredericks 1
3%
2011/12 (Premier League - 4th) England RB 18 Ryan Fredericks 3
3%
2000/01 (Premier League - 12th) England ST 22 Dave McEwen 2
1%
1999/00 (Premier League - 10th) England ST 21 Dave McEwen 1
1%
2011/12 (Premier League - 4th) England CM 19 Dean Parrett 2
1%
2008/09 (Premier League - 8th) England CM 16 Dean Parrett 2
1%
2021/22 (Premier League - 4th) England RW 19 Dilan Markanday 1
1%
1997/98 (Premier League - 14th) Norway GK 32 Frode Grodås 0
1%
1996/97 (Premier League - 10th) England LB 20 Jamie Clapham 1
1%
1995/96 (Premier League - 8th) England LB 19 Jamie Clapham 4
1%
2012/13 (Premier League - 5th) England ST 21 Jonathan Obika 2
1%
2008/09 (Premier League - 8th) England ST 17 Jonathan Obika 2
1%
1998/99 (Premier League - 11th) England CM 19 Mark Gower 2
1%
1995/96 (Premier League - 8th) England ST 19 Steve Slade 12
1%
2006/07 (Premier League - 5th) England LW 19 Andy Barcham 1
0%
2016/17 (Premier League - 2nd) England RB 19 Anton Walkes 1
0%
1995/96 (Premier League - 8th) England CB 26 Ian Sampson 3 1
0%
2011/12 (Premier League - 4th) England CM 18 Jake Nicholson 1
0%
1992/93 (Premier League - 8th) England CM 18 Jeff Minton 1
0%
1995/96 (Premier League - 8th) England CB 34 Mark Newson 4
0%
2003/04 (Premier League - 14th) England GK 19 Rob Burch 0
0%
2013/14 (Premier League - 6th) England ST 18 Shaq Coulthirst 1
0%
1995/96 (Premier League - 8th) England CM 18 Simon Wormull 2
0%
2017/18 (Premier League - 3rd) England CM 17 Tashan Oakley-Boothe 1
0%
2018/19 (Premier League - 4th) England CB 18 TJ Eyoma 1
0%
No matching quizzes found
Score Distribution
Percent of People with Each Score
Percentile by Number Answered
Your Score History
You have not taken this quiz since the last reset